000 00584nam a2200169 4500
001 140395
003 ES-MaACL
005 20230906200053.0
007 t|
008 070214s1932 sp r ||||1| spa d
245 0 0 _aPsicogénesis y psicoterapia de los síntomas corporales /
_cpublicado bajo la dirección de Oswald Schwarz ; traducción de la 1ª. edición alemana por Ramón Sarró.
260 _aMadrid :
_bLabor,
_c1932.
300 _aXVIII, 504 p. :
_bil. ;
_c26 cm.
700 1 _aSchwarz, Oswald.
_9104882
700 1 _aSarró, Ramón.
_9103872
852 _aES-MaACL
_jA-1015
999 _c140395
_d140395